Taylor Swift - Now That We Don't Talk (Lyrics) - Statistics

General Stats
  • This quiz has been taken 1,521 times
  • The average score is 229 of 271
Answer Stats
Answer % Correct
we
100%
do
99%
Don't
99%
don't
99%
I
99%
Now
99%
now
99%
talk
99%
that
99%
a
98%
the
97%
to
97%
You
97%
you
97%
be
96%
It
96%
it
96%
me
96%
my
96%
have
93%
like
93%
of
93%
On
93%
on
93%
when
93%
said
92%
your
92%
And
91%
for
91%
get
91%
mom,
91%
she
91%
was
90%
Was
90%
best
89%
call
89%
off
87%
what
86%
What
86%
guess
85%
Guess
85%
though
85%
way
85%
ever
84%
Did
83%
from
83%
pretend
83%
chest
82%
friend,
82%
lost
82%
say
81%
who
81%
part
80%
know
79%
never,
79%
so
79%
went
79%
cost,
78%
got
78%
heard
78%
I'll
78%
mega
78%
party
78%
with?
78%
With
78%
everybody
77%
long
77%
new
77%
rock
77%
But
76%
hair
76%
more
76%
Or
76%
Remind
76%
think
76%
acid
75%
even
75%
home?
75%
less
75%
men
75%
myself,
75%
myself
75%
price
75%
you're
75%
cannot
74%
grew
74%
icons
74%
important
74%
pay
74%
started
74%
didn't
73%
want
73%
gave,
72%
anxious
71%
is,
71%
is
71%
thoughts
71%
I'd
70%
looks
70%
Red
70%
tell
70%
yacht
70%
change
69%
crowd
69%
friends
69%
old
69%
better
68%
left
68%
miss
68%
Sea
68%
you'd
68%
outside
67%
'til
67%
trying
67%
am
66%
ways
66%
just
65%
Just
65%
it's
63%
can't
61%
lives
61%
only
58%
were
58%
how
57%
dignity
55%
this
55%
weekends
54%
faded
52%
had
52%
has
50%
maybe
49%
mystery
48%
chasing
47%
into
47%
ended,
46%
Platonic,
46%
turn
46%
Truth
43%
been
42%
Shared
39%
dinners,
37%
shrouded
37%
No matching quizzes found
Score Distribution
Percent of People with Each Score
Percentile by Number Answered
Your Score History
You have not taken this quiz